El sistema universal de protección de los derechos humanos: su aplicación en España
Сохранить в:
| Главные авторы: | , |
|---|---|
| Формат: | |
| Язык: | испанский |
| Опубликовано: |
Madrid
Tecnos
2017
|
| Редактирование: | 1a. ed |
| Предметы: | |
| Метки: |
Добавить метку
Нет меток, Требуется 1-ая метка записи!
|
MARC
| LEADER | 00000cam a2200000 a 4500 | ||
|---|---|---|---|
| 001 | UCC9153 | ||
| 003 | CL-VaPUC | ||
| 008 | 190906e20170000sp |||||||||||||||||spa|d | ||
| 020 | |a 9788430971381 | ||
| 082 | 0 | 4 | |a 341.481 |b VIL |2 21 |
| 100 | 0 | |a Villán Durán, Carlos |e author |9 604045 | |
| 700 | 0 | |a Faleh Pérez, Carmelo |e author |9 604046 | |
| 245 | 1 | 3 | |a El sistema universal de protección de los derechos humanos: su aplicación en España |
| 250 | |a 1a. ed | ||
| 300 | |a 305 p | ||
| 942 | |c BK | ||
| 945 | |d 20190906 13:31:00 |a dcastane | ||
| 260 | |a Madrid |b Tecnos |c 2017 | ||
| 650 | 0 | |a Derecho internacional |9 255637 | |
| 650 | 0 | |a Derechos humanos |9 223025 | |
| 650 | 0 | |a Derechos fundamentales |9 254841 | |
| 650 | 7 | |a PROTECCION DE LOS DERECHOS HUMANOS |2 CL-VaPUC |9 452271 | |
| 583 | |a last modification |c 20190906 13:31:00 |k Rodrigo Vera | ||
| 999 | |c 375347 |d 375345 | ||
| 952 | |0 0 |1 0 |3 erb |4 0 |6 341_481000000000000_VIL_2017 |7 0 |8 WP_COW |9 561296 |a BIBDER |b BIBDER |e Fundación W and P Cowley |i 5599164 |o 341.481 VIL 2017 |p 5599164 |r 2023-01-25 |w 2020-03-12 |y BK |z Catalogado en:20190906 |k WPC | ||